Statistics for 15 Countries With Most Delicious Foods

Click here to take the quiz!

General Stats

  • This quiz has been taken 53 times
  • The average score is 13 of 15

Answer Stats

No.Country% Correct
9China
100%
1Italy
100%
2Japan
100%
7Spain
100%
4France
98%
10India
98%
6Mexico
94%
3United States of America
94%
5Brazil
92%
11Greece
82%
12South Korea
82%
14Thailand
82%
8Turkey
80%
13Sweden
38%
15Switzerland
38%

Score Distribution

Percentile by Number Answered

Percent of People with Each Score

Your Score History

You have not taken this quiz